Applied environmental microbiology (Record no. 77680)
[ view plain ]
| 000 -LEADER | |
|---|---|
| fixed length control field | 00448 a2200169 4500 |
| 005 - DATE AND TIME OF LATEST TRANSACTION | |
| control field | 20131121115604.0 |
| 008 - FIXED-LENGTH DATA ELEMENTS--GENERAL INFORMATION | |
| fixed length control field | 131121b xxu||||| |||| 00| 0 eng d |
| 020 ## - INTERNATIONAL STANDARD BOOK NUMBER | |
| International Standard Book Number | 978819171271X |
| 080 ## - UNIVERSAL DECIMAL CLASSIFICATION NUMBER | |
| Universal Decimal Classification number | 502:579 |
| Item number | JOH |
| 100 ## - MAIN ENTRY--PERSONAL NAME | |
| Personal name | John, H C |
| 245 ## - TITLE STATEMENT | |
| Title | Applied environmental microbiology |
| 260 ## - PUBLICATION, DISTRIBUTION, ETC. (IMPRINT) | |
| Name of publisher, distributor, etc | Sigma |
| Date of publication, distribution, etc | 2012 |
| Place of publication, distribution, etc | New Delhi |
| 300 ## - PHYSICAL DESCRIPTION | |
| Extent | 683p. |
| 653 ## - INDEX TERM--UNCONTROLLED | |
| Uncontrolled term | Biosphere - microbial components |
| 653 ## - INDEX TERM--UNCONTROLLED | |
| Uncontrolled term | Microbe - animal interactions |
| 942 ## - ADDED ENTRY ELEMENTS (KOHA) | |
| item type | Books |
| Lost status | Source of classification or shelving scheme | Not for loan | Home library | Current library | Date acquired | Cost, normal purchase price | Total Checkouts | Full call number | Barcode | Date last seen | Date checked out | Cost, replacement price | Price effective from | Koha item type |
|---|---|---|---|---|---|---|---|---|---|---|---|---|---|---|
| Universal Decimal Classification | University Library | University Library | 11/03/2013 | 0.00 | 2 | 502:579 JOH | 00069913 | 16/02/2019 | 13/02/2019 | 0.00 | 11/03/2013 | Books |
